[Event "Mundial Juvenil femenino 2005 s14"]
[Site "Belfort FRA"]
[Date "2005.07.23"]
[Round "5.19"]
[White "Khoo, Selina"]
[Black "Wu, Shirley"]
[Result "1-0"]
[WhiteElo "2006"]
[BlackElo "1599"]
[PlyCount "47"]
[EventDate "2005.07.19"]
[EventType "swiss"]
[EventRounds "11"]
[EventCountry "FRA"]
[Source "lmi"]
[SourceDate "2005.07.31"]

1. e4 c5 2. Nf3 d6 3. Bb5+ Bd7 4. Bxd7+ Qxd7 5. c4 Nc6 6. d4 cxd4 7. Nxd4 Nf6
8. Nc3 Ne5 9. b3 g6 10. f3 Bg7 11. Bg5 O-O 12. O-O Rfd8 13. Rc1 Nc6 14. Nde2
Rac8 15. Qd2 e6 16. Rfd1 a6 17. a4 Na5 18. Rb1 Rc7 19. Be3 Qc6 20. Na2 b6 21.
c5 Nb7 22. Nb4 Qd7 23. c6 Qc8 24. Bxb6 1-0

[Event "Mundial Juvenil femenino 2005 s14"]
[Site "Belfort FRA"]
[Date "2005.07.23"]
[Round "5.20"]
[White "Guramishvili, Sopiko"]
[Black "Bakalarz, Janet"]
[Result "1-0"]
[WhiteElo "2104"]
[BlackElo "1599"]
[PlyCount "73"]
[EventDate "2005.07.19"]
[EventType "swiss"]
[EventRounds "11"]
[EventCountry "FRA"]
[Source "lmi"]
[SourceDate "2005.07.31"]

1. d4 Nf6 2. c4 g6 3. Nc3 d5 4. Nf3 Bg7 5. Qb3 dxc4 6. Qxc4 O-O 7. Bf4 c6 8. e4
b5 9. Qd3 Bg4 10. Be2 Nh5 11. Be3 Na6 12. O-O Nf6 13. Rac1 Rc8 14. Rfd1 Qa5 15.
a3 Bxf3 16. Bxf3 b4 17. axb4 Nxb4 18. Qc4 Rfd8 19. Ra1 Qb6 20. d5 Qb8 21. Bxa7
cxd5 22. Qb3 Qb7 23. exd5 Rd7 24. Rd4 Nbxd5 25. Qxb7 Rxb7 26. Nxd5 Nxd5 27.
Rxd5 Bxb2 28. Ra2 Ra8 29. Rda5 Rc7 30. g3 Bc3 31. Bxa8 Bxa5 32. Rxa5 Kg7 33.
Bd4+ f6 34. Ra7 Rc1+ 35. Kg2 Kf7 36. Bd5+ Ke8 37. Be6 1-0

[Event "Mundial Juvenil femenino 2005 s14"]
[Site "Belfort FRA"]
[Date "2005.07.24"]
[Round "6.2"]
[White "Ramya, Krishna I"]
[Black "Smith, Hazel"]
[Result "1-0"]
[WhiteElo "2165"]
[BlackElo "2023"]
[PlyCount "85"]
[EventDate "2005.07.19"]
[EventType "swiss"]
[EventRounds "11"]
[EventCountry "FRA"]
[Source "lmi"]
[SourceDate "2005.07.31"]

1. d4 e6 2. c4 Nf6 3. Nf3 b6 4. a3 Ba6 5. e3 d5 6. Nbd2 Be7 7. Be2 O-O 8. O-O
c5 9. dxc5 bxc5 10. cxd5 exd5 11. Bxa6 Nxa6 12. Qa4 Qb6 13. Rd1 Rfd8 14. Nf1
Nc7 15. Bd2 Rab8 16. Ba5 Qb7 17. Ng3 Bf8 18. Nf5 g6 19. Qh4 Ne4 20. Nh6+ Bxh6
21. Qxh6 Rd6 22. Ng5 Nxg5 23. Qxg5 Ne8 24. Rd2 d4 25. Rad1 Rd5 26. Qg3 c4 27.
Bb4 a5 28. Be7 Rb5 29. Bg5 c3 30. bxc3 dxc3 31. Rc2 Rb1 32. Qg4 Qb3 33. Rcc1 c2
34. Rf1 Qb2 35. e4 Nd6 36. Qe2 Rc8 37. e5 Nb5 38. e6 f6 39. e7 Kf7 40. Rfe1 Nd4
41. e8=Q+ Rxe8 42. Qxe8+ Kg7 43. Re7# 1-0

[Event "Mundial Juvenil femenino 2005 s14"]
[Site "Belfort FRA"]
[Date "2005.07.24"]
[Round "6.3"]
[White "Zaichenko, Daria"]
[Black "Muzychuk, Mariya"]
[Result "0-1"]
[WhiteElo "2023"]
[BlackElo "2113"]
[PlyCount "86"]
[EventDate "2005.07.19"]
[EventType "swiss"]
[EventRounds "11"]
[EventCountry "FRA"]
[Source "lmi"]
[SourceDate "2005.07.31"]

1. d4 f5 2. Nc3 d5 3. Bg5 g6 4. Nf3 Bg7 5. e3 c6 6. h4 h6 7. Bf4 Nd7 8. Bd3
Ngf6 9. Ne5 Nxe5 10. Bxe5 O-O 11. Ne2 Ng4 12. Bxg7 Kxg7 13. Nf4 h5 14. Qf3 Qd6
15. Qg3 Kh7 16. O-O-O b5 17. Rde1 e5 18. dxe5 Nxe5 19. Kb1 Qf6 20. Rd1 a5 21.
Nh3 a4 22. Qg5 Qg7 23. Nf4 a3 24. bxa3 Rxa3 25. g4 Nf3 26. Nxh5 gxh5 27. Qxh5+
Qh6 28. Qxh6+ Kxh6 29. g5+ Kh7 30. Be2 Ne5 31. Rdg1 Ng4 32. Rg2 Be6 33. Bd3 Ne5
34. h5 Rg8 35. g6+ Kh6 36. Kb2 Ra4 37. f4 Nxd3+ 38. cxd3 d4 39. Kb1 dxe3 40.
Re2 Rxf4 41. Rxe3 Bd5 42. Rh2 Ra8 43. Rhh3 b4 0-1

[Event "Mundial Juvenil femenino 2005 s14"]
[Site "Belfort FRA"]
[Date "2005.07.24"]
[Round "6.4"]
[White "Kharisma, Irine"]
[Black "Skinke, Katrina"]
[Result "1-0"]
[WhiteElo "2010"]
[BlackElo "2100"]
[PlyCount "61"]
[EventDate "2005.07.19"]
[EventType "swiss"]
[EventRounds "11"]
[EventCountry "FRA"]
[Source "lmi"]
[SourceDate "2005.07.31"]

1. e4 d6 2. d4 Nf6 3. Nc3 g6 4. Bc4 Bg7 5. Qe2 e5 6. dxe5 dxe5 7. Nf3 Qe7 8.
O-O c6 9. a4 O-O 10. b3 Bg4 11. Ba3 c5 12. Nd5 Nxd5 13. Bxd5 Na6 14. h3 Be6 15.
Rad1 Rfd8 16. c4 Rac8 17. Ne1 Nb8 18. Nd3 b6 19. Bb2 Nd7 20. f4 exf4 21. Bxg7
Kxg7 22. Nxf4 Kg8 23. e5 Re8 24. Bxe6 fxe6 25. Rd6 Nf8 26. Qg4 Rcd8 27. Rfd1
Kf7 28. Nh5 Nd7 29. Rxd7 Rxd7 30. Qf3+ Kg8 31. Rxd7 1-0

[Event "Mundial Juvenil femenino 2005 s14"]
[Site "Belfort FRA"]
[Date "2005.07.24"]
[Round "6.5"]
[White "Kulon, Klaudia"]
[Black "Iordanidou, Zoi"]
[Result "1-0"]
[WhiteElo "2069"]
[BlackElo "1992"]
[PlyCount "89"]
[EventDate "2005.07.19"]
[EventType "swiss"]
[EventRounds "11"]
[EventCountry "FRA"]
[Source "lmi"]
[SourceDate "2005.07.31"]

1. e4 c5 2. Nf3 Nc6 3. Bb5 g6 4. O-O Bg7 5. Re1 a6 6. Bxc6 dxc6 7. Nc3 Nf6 8.
d3 O-O 9. h3 h6 10. Be3 Qa5 11. Nd2 Nd7 12. Nb3 Qb4 13. a3 Qb6 14. Qc1 Kh7 15.
Na4 Qb5 16. Naxc5 Nxc5 17. Bxc5 a5 18. a4 Qa6 19. Bxe7 Re8 20. Bc5 b6 21. Bd4
c5 22. Bxg7 Kxg7 23. Qe3 f5 24. e5 Be6 25. Nc1 Rad8 26. Ne2 g5 27. f4 Kg6 28.
fxg5 hxg5 29. h4 gxh4 30. Nf4+ Kf7 31. Nh5 Kg6 32. Nf4+ Kf7 33. Qf3 Rh8 34.
Nxe6 Kxe6 35. Qc6+ Ke7 36. Qf6+ Kd7 37. Qxf5+ Ke7 38. e6 Qa8 39. Qf7+ Kd6 40.
e7 Rde8 41. Re6+ Kd7 42. Qf5 Rxe7 43. Rxe7+ Kxe7 44. Re1+ Kd6 45. Qf6+ 1-0

[Event "Mundial Juvenil femenino 2005 s14"]
[Site "Belfort FRA"]
[Date "2005.07.24"]
[Round "6.6"]
[White "Melekhina, Alisa"]
[Black "Uuganbayar, Khamsuren"]
[Result "1-0"]
[WhiteElo "2163"]
[BlackElo "1599"]
[PlyCount "83"]
[EventDate "2005.07.19"]
[EventType "swiss"]
[EventRounds "11"]
[EventCountry "FRA"]
[Source "lmi"]
[SourceDate "2005.07.31"]

1. e4 e6 2. d4 d5 3. exd5 exd5 4. Bd3 Bd6 5. Qf3 c6 6. Ne2 Qf6 7. Qxf6 Nxf6 8.
Bg5 Ne4 9. Bxe4 dxe4 10. Nd2 f5 11. Bf4 Bxf4 12. Nxf4 Na6 13. c3 Nc7 14. g3 Be6
15. O-O-O O-O-O 16. Nxe6 Nxe6 17. Nc4 Rhf8 18. h4 Nc7 19. Rde1 Nd5 20. Ne5 Rde8
21. Rhf1 c5 22. Nc4 Kd7 23. dxc5 Rc8 24. Ne5+ Kd8 25. Rd1 Rxc5 26. b4 Rxc3+ 27.
Kb2 Ke7 28. Rxd5 Rfc8 29. Rd2 R3c7 30. Re1 b6 31. b5 Rc5 32. Nc6+ Kf6 33. a4 a6
34. Rc1 axb5 35. Rxc5 bxc5 36. axb5 Ke6 37. Kc3 h6 38. Kc4 g5 39. hxg5 hxg5 40.
Kxc5 f4 41. Re2 fxg3 42. fxg3 1-0

[Event "Mundial Juvenil femenino 2005 s14"]
[Site "Belfort FRA"]
[Date "2005.07.24"]
[Round "6.7"]
[White "Esonboeva, Gulruhsor"]
[Black "Guadamuro Torrente, Ana Isabel"]
[Result "0-1"]
[WhiteElo "1599"]
[BlackElo "2084"]
[PlyCount "68"]
[EventDate "2005.07.19"]
[EventType "swiss"]
[EventRounds "11"]
[EventCountry "FRA"]
[Source "lmi"]
[SourceDate "2005.07.31"]

1. Nf3 d5 2. d4 Nf6 3. Bf4 e6 4. e3 c6 5. c4 Nbd7 6. Be2 Be7 7. O-O O-O 8. Nc3
dxc4 9. Bxc4 Nd5 10. Bg3 N7f6 11. Rc1 Nh5 12. Qe2 Nxg3 13. fxg3 Bg5 14. Nxg5
Qxg5 15. Rce1 b5 16. Bd3 Nxc3 17. bxc3 e5 18. Qf3 Bd7 19. e4 exd4 20. cxd4 c5
21. h4 Qe7 22. d5 Qe5 23. g4 Bxg4 24. Qe3 c4 25. Bb1 a5 26. Qc5 Ra6 27. Qxb5
Rh6 28. Qxc4 Rxh4 29. Qc1 Qh2+ 30. Kf2 Bh3 31. Rg1 Rf4+ 32. Ke2 Bxg2 33. Kd3
Qg3+ 34. Re3 Bxe4+ 0-1

[Event "Mundial Juvenil femenino 2005 s14"]
[Site "Belfort FRA"]
[Date "2005.07.24"]
[Round "6.9"]
[White "Le, Hoan Tran Chau"]
[Black "Anusca, Madalina-Maria"]
[Result "1-0"]
[WhiteElo "1599"]
[BlackElo "1999"]
[PlyCount "77"]
[EventDate "2005.07.19"]
[EventType "swiss"]
[EventRounds "11"]
[EventCountry "FRA"]
[Source "lmi"]
[SourceDate "2005.07.31"]

1. d4 Nf6 2. c4 e6 3. Nf3 b6 4. Bg5 Bb7 5. e3 Bb4+ 6. Nbd2 O-O 7. Be2 d6 8. O-O
Bxd2 9. Nxd2 h6 10. Bh4 Nbd7 11. Bf3 Bxf3 12. Qxf3 c5 13. Ne4 g5 14. Bg3 Nxe4
15. Qxe4 Nf6 16. Qc6 cxd4 17. Bxd6 Rc8 18. Qf3 Qxd6 19. Qxf6 Kh7 20. f4 g4 21.
exd4 Rxc4 22. Rad1 Qc6 23. Rf2 Qd7 24. f5 Rg8 25. fxe6 fxe6 26. Qe5 Rg5 27.
Qe4+ Kg7 28. Rdf1 Qxd4 29. Qxe6 g3 30. hxg3 Rxg3 31. Qe7+ Kh8 32. Kh2 Rg7 33.
Qf8+ Kh7 34. Qf5+ Kh8 35. Qf4 Qxf4+ 36. Rxf4 Rxf4 37. Rxf4 Rd7 38. Rf2 Rd3 39.
g3 1-0

[Event "Mundial Juvenil femenino 2005 s14"]
[Site "Belfort FRA"]
[Date "2005.07.24"]
[Round "6.10"]
[White "Parrilla, Medina"]
[Black "Agrest, Inna"]
[Result "1/2-1/2"]
[WhiteElo "1599"]
[BlackElo "1984"]
[PlyCount "133"]
[EventDate "2005.07.19"]
[EventType "swiss"]
[EventRounds "11"]
[EventCountry "FRA"]
[Source "lmi"]
[SourceDate "2005.07.31"]

1. e4 e5 2. Nf3 Nc6 3. Bb5 a6 4. Bxc6 dxc6 5. d4 exd4 6. Qxd4 Bd7 7. c4 c5 8.
Qe5+ Qe7 9. Bf4 Qxe5 10. Nxe5 Be6 11. Nd2 O-O-O 12. Ke2 Ne7 13. Be3 b6 14. f3
f6 15. Nd3 Nc6 16. Nf4 Bf7 17. Rac1 Kb7 18. Rhd1 Ne5 19. Rc3 Bd6 20. Kf2 Nc6
21. Nd3 h5 22. f4 Rd7 23. Nf3 Rhd8 24. Rd2 Be7 25. b3 Nd4 26. e5 Nxf3 27. Kxf3
Be6 28. h3 g5 29. Ke2 g4 30. Nf2 gxh3 31. gxh3 fxe5 32. Rxd7 Bxd7 33. fxe5 Bf5
34. Bf4 b5 35. cxb5 axb5 36. Nd3 Kb6 37. Nf2 Ra8 38. a4 bxa4 39. bxa4 Rxa4 40.
Kf3 c4 41. Be3+ Kb5 42. Kf4 Be6 43. Ne4 Bb4 44. Rc1 Bxh3 45. Rb1 Kc6 46. Nf6
Be7 47. Nxh5 c3+ 48. Kg3 Bf5 49. Rf1 Be6 50. Rc1 Rc4 51. Nf4 Bf5 52. Ne2 Kd7
53. Rxc3 Re4 54. Nd4 Bg6 55. Nf3 Bb4 56. Rb3 c5 57. Bf4 Rc4 58. Nd2 Rc2 59. Nf3
Ra2 60. Be3 Bc2 61. Bxc5 Bxb3 62. Bxb4 Ra4 63. Bd2 Bd5 64. Nh4 Be6 65. Nf3 Ra3
66. Kf4 Bd5 67. Nd4 1/2-1/2

[Event "Mundial Juvenil femenino 2005 s14"]
[Site "Belfort FRA"]
[Date "2005.07.24"]
[Round "6.11"]
[White "Ramirez, Heimi"]
[Black "Genzling, Sylvie"]
[Result "1-0"]
[WhiteElo "1599"]
[BlackElo "1968"]
[PlyCount "59"]
[EventDate "2005.07.19"]
[EventType "swiss"]
[EventRounds "11"]
[EventCountry "FRA"]
[Source "lmi"]
[SourceDate "2005.07.31"]

1. d4 f5 2. c4 e6 3. g3 Nf6 4. Bg2 c6 5. Nf3 d5 6. Nc3 Bd6 7. cxd5 exd5 8. O-O
O-O 9. Rb1 a5 10. Bg5 Bd7 11. Ne5 Be8 12. Nd3 Nbd7 13. Bf4 Qc7 14. Rc1 Bf7 15.
Nb5 Qd8 16. Nxd6 Ra7 17. Nxf7 Rxf7 18. Ne5 Rf8 19. Nd3 h6 20. Be5 g5 21. f3 g4
22. Qd2 Kh7 23. fxg4 Nxg4 24. Rf3 Qb6 25. Kh1 Ndxe5 26. Nxe5 Nxe5 27. dxe5 Raa8
28. Bh3 Qc7 29. Bxf5+ Kg7 30. e6 1-0

[Event "Mundial Juvenil femenino 2005 s14"]
[Site "Belfort FRA"]
[Date "2005.07.24"]
[Round "6.12"]
[White "Yu, Moqi"]
[Black "Vojinovic, Jovana"]
[Result "1/2-1/2"]
[WhiteElo "1599"]
[BlackElo "1952"]
[PlyCount "76"]
[EventDate "2005.07.19"]
[EventType "swiss"]
[EventRounds "11"]
[EventCountry "FRA"]
[Source "lmi"]
[SourceDate "2005.07.31"]

1. e4 e6 2. d4 d5 3. e5 c5 4. c3 Qb6 5. Nf3 Nc6 6. Bd3 cxd4 7. cxd4 Bd7 8. O-O
Nxd4 9. Nxd4 Qxd4 10. Nc3 a6 11. Qe2 Ne7 12. Kh1 Qb6 13. Bg5 g6 14. Bf6 Rg8 15.
f4 Bc6 16. a3 Nf5 17. Nd1 Rc8 18. b4 Bb5 19. Bxb5+ Qxb5 20. Qe1 h5 21. Ne3 Nxe3
22. Qxe3 Be7 23. Bxe7 Kxe7 24. Qg3 Qe8 25. a4 Kf8 26. Qb3 Kg7 27. h3 Rc4 28. b5
axb5 29. axb5 Qe7 30. Ra7 Rb8 31. b6 Qb4 32. Qe3 Rc6 33. Ra2 Qxb6 34. Qg3 Qd4
35. Qh4 Rbc8 36. Kh2 Rc2 37. Rf2 Kf8 38. Qf6 Kg8 1/2-1/2

[Event "Mundial Juvenil femenino 2005 s14"]
[Site "Belfort FRA"]
[Date "2005.07.24"]
[Round "6.13"]
[White "Guramishvili, Sopiko"]
[Black "Abdulaziz, Eman"]
[Result "1-0"]
[WhiteElo "2104"]
[BlackElo "1599"]
[PlyCount "87"]
[EventDate "2005.07.19"]
[EventType "swiss"]
[EventRounds "11"]
[EventCountry "FRA"]
[Source "lmi"]
[SourceDate "2005.07.31"]

1. d4 d5 2. Nf3 Nf6 3. g3 e6 4. Bg2 c5 5. O-O a6 6. Bg5 Nc6 7. c3 Be7 8. Nbd2
O-O 9. Bxf6 gxf6 10. dxc5 Bxc5 11. e4 dxe4 12. Nxe4 Qxd1 13. Raxd1 Be7 14. Nd4
Nxd4 15. Rxd4 e5 16. Rd2 f5 17. Nd6 Rb8 18. Nxc8 Rfxc8 19. Rd7 Bf6 20. Bxb7 Re8
21. b3 a5 22. Rfd1 e4 23. c4 Rbd8 24. Rxd8 Rxd8 25. Rxd8+ Bxd8 26. Bc8 f4 27.
gxf4 Kg7 28. Bf5 Bc7 29. Bxe4 Bxf4 30. Kg2 h6 31. h3 f6 32. Kf3 Be5 33. Bf5 Kf7
34. Ke4 Ke7 35. Kd5 Kd8 36. Kc6 Bc3 37. c5 h5 38. Kb7 Be5 39. c6 Bc7 40. a3 h4
41. b4 axb4 42. axb4 Bd6 43. b5 Bc7 44. b6 1-0

[Event "Mundial Juvenil femenino 2005 s14"]
[Site "Belfort FRA"]
[Date "2005.07.24"]
[Round "6.14"]
[White "Pon, N. Krithika"]
[Black "Cechetto, Lea"]
[Result "1-0"]
[WhiteElo "2007"]
[BlackElo "1599"]
[PlyCount "73"]
[EventDate "2005.07.19"]
[EventType "swiss"]
[EventRounds "11"]
[EventCountry "FRA"]
[Source "lmi"]
[SourceDate "2005.07.31"]

1. e4 e5 2. Nf3 Nc6 3. Bb5 a6 4. Ba4 Nf6 5. O-O b5 6. Bb3 Be7 7. Re1 O-O 8. c3
Bb7 9. d4 exd4 10. cxd4 d5 11. e5 Ne4 12. Nc3 Nxc3 13. bxc3 Na5 14. Bc2 Re8 15.
h3 c5 16. Bf4 c4 17. Rb1 Bc6 18. g3 Bd7 19. Kg2 Nb7 20. Nh2 Bg5 21. Bxg5 Qxg5
22. f4 Qh6 23. Ng4 Bxg4 24. hxg4 g6 25. Rh1 Qg7 26. g5 Nd8 27. Rh3 Ne6 28. Qf3
Red8 29. g4 Rab8 30. Qe3 Rdc8 31. Rg3 Qf8 32. f5 Ng7 33. f6 Ne6 34. Rh3 Qa3 35.
Rbh1 Nf8 36. Rxh7 Nxh7 37. Qh3 1-0

[Event "Mundial Juvenil femenino 2005 s14"]
[Site "Belfort FRA"]
[Date "2005.07.24"]
[Round "6.15"]
[White "Aleksanian, Haykuhi"]
[Black "Khoo, Selina"]
[Result "0-1"]
[WhiteElo "1599"]
[BlackElo "2006"]
[PlyCount "50"]
[EventDate "2005.07.19"]
[EventType "swiss"]
[EventRounds "11"]
[EventCountry "FRA"]
[Source "lmi"]
[SourceDate "2005.07.31"]

1. e4 c6 2. d4 d5 3. e5 c5 4. c3 Nc6 5. Nf3 cxd4 6. cxd4 Bg4 7. Bb5 e6 8. O-O
Nge7 9. h3 Bxf3 10. Qxf3 Qb6 11. Bxc6+ bxc6 12. Rd1 Nf5 13. Qd3 c5 14. Nc3 Nxd4
15. Be3 Nc6 16. Na4 Qa5 17. Qb3 Rb8 18. Qa3 c4 19. Bc5 Bxc5 20. Nxc5 Qxa3 21.
bxa3 Rb5 22. Na6 Rb6 23. Nc5 Nxe5 24. Rab1 Nd7 25. Rxb6 axb6 0-1

[Event "Mundial Juvenil femenino 2005 s14"]
[Site "Belfort FRA"]
[Date "2005.07.24"]
[Round "6.16"]
[White "Dudas, Eszter"]
[Black "Fernandez, Laura"]
[Result "1-0"]
[WhiteElo "2000"]
[BlackElo "1599"]
[PlyCount "45"]
[EventDate "2005.07.19"]
[EventType "swiss"]
[EventRounds "11"]
[EventCountry "FRA"]
[Source "lmi"]
[SourceDate "2005.07.31"]

1. e4 d5 2. exd5 Qxd5 3. Nc3 Qd6 4. d4 Nf6 5. Nf3 a6 6. h3 Nc6 7. Be3 Bf5 8.
Bd3 Bg6 9. Bxg6 hxg6 10. Qd2 O-O-O 11. Ng5 e5 12. Nxf7 Qe6 13. Nxd8 Nxd8 14.
dxe5 Qxe5 15. O-O-O Bb4 16. Qd4 Qa5 17. Kb1 Nc6 18. Qc4 Ne5 19. Qe6+ Kb8 20.
Ne2 Bd6 21. Qb3 Re8 22. Nd4 Nfd7 23. Ne6 1-0

[Event "Mundial Juvenil femenino 2005 s14"]
[Site "Belfort FRA"]
[Date "2005.07.24"]
[Round "6.17"]
[White "Heinatz, Maria"]
[Black "Drobrenski, Jessika"]
[Result "0-1"]
[WhiteElo "1940"]
[BlackElo "1599"]
[PlyCount "74"]
[EventDate "2005.07.19"]
[EventType "swiss"]
[EventRounds "11"]
[EventCountry "FRA"]
[Source "lmi"]
[SourceDate "2005.07.31"]

1. e4 e5 2. Nf3 Nc6 3. Bb5 a6 4. Ba4 Nf6 5. O-O Be7 6. Re1 b5 7. Bb3 d6 8. h3
O-O 9. c3 Na5 10. Bc2 c5 11. d4 cxd4 12. cxd4 Nc6 13. Nc3 Bb7 14. Be3 Re8 15.
d5 Nb8 16. Nh2 Nbd7 17. Ng4 Rc8 18. Rc1 Nb6 19. Qf3 Nc4 20. b3 Nxe3 21. Rxe3
Nxg4 22. Qxg4 Bg5 23. Nd1 Bxe3 24. Nxe3 Rc3 25. Re1 Bc8 26. Qe2 Qg5 27. Kh1 Bd7
28. a4 Rec8 29. Bd3 Rxb3 30. axb5 Bxb5 31. Bxb5 axb5 32. Qa2 Rbc3 33. Qa6 Rc1
34. Rg1 Qf4 35. Nd1 Rd8 36. Qb6 Rcc8 37. Nc3 Rb8 0-1

[Event "Mundial Juvenil femenino 2005 s14"]
[Site "Belfort FRA"]
[Date "2005.07.24"]
[Round "6.18"]
[White "Jorgensen, Line Jin"]
[Black "Moernaut, Evelien"]
[Result "1/2-1/2"]
[WhiteElo "1599"]
[BlackElo "1935"]
[PlyCount "84"]
[EventDate "2005.07.19"]
[EventType "swiss"]
[EventRounds "11"]
[EventCountry "FRA"]
[Source "lmi"]
[SourceDate "2005.07.31"]

1. e4 e6 2. d4 d5 3. e5 c5 4. c3 Qb6 5. Nf3 Bd7 6. Be2 Nc6 7. O-O cxd4 8. cxd4
Nge7 9. Na3 Ng6 10. Nc2 Be7 11. Rb1 O-O 12. Be3 Rac8 13. Bd3 Na5 14. b3 Rc3 15.
Qe2 Rfc8 16. Rfc1 Nf8 17. Bd2 R3c7 18. Qe1 Nc6 19. b4 a6 20. a4 Ra8 21. Ra1
Rcc8 22. b5 Nd8 23. a5 Qa7 24. b6 Qb8 25. Nb4 Nc6 26. Nxc6 Rxc6 27. Qe3 Qd8 28.
Qf4 Rxc1+ 29. Rxc1 Rc8 30. Rb1 Ba4 31. Ne1 Ng6 32. Qg3 Bh4 33. Qh3 Bg5 34. Bxg5
Qxg5 35. Nf3 Qe7 36. Qh5 Be8 37. Ra1 Qb4 38. Rb1 Qe7 39. g3 Nf8 40. Qg5 Qa3 41.
Qd2 Ng6 42. Be2 Bc6 1/2-1/2

[Event "Mundial Juvenil femenino 2005 s14"]
[Site "Belfort FRA"]
[Date "2005.07.24"]
[Round "6.19"]
[White "Rysbayeva, Algerim"]
[Black "Vetrila, Sanda"]
[Result "1/2-1/2"]
[WhiteElo "1599"]
[BlackElo "1924"]
[PlyCount "92"]
[EventDate "2005.07.19"]
[EventType "swiss"]
[EventRounds "11"]
[EventCountry "FRA"]
[Source "lmi"]
[SourceDate "2005.07.31"]

1. e4 c5 2. Nf3 e6 3. c3 Nf6 4. e5 Nd5 5. d4 cxd4 6. cxd4 d6 7. a3 Bd7 8. Bd3
Bc6 9. O-O Be7 10. Nc3 Nxc3 11. bxc3 O-O 12. Qe2 Nd7 13. Bf4 Qc7 14. Rfe1 Rac8
15. Ng5 Bxg5 16. Bxg5 dxe5 17. dxe5 Nxe5 18. Bf4 f6 19. Bxe5 Qxe5 20. Qxe5 fxe5
21. Rxe5 Bd5 22. Rc1 Rc5 23. c4 b5 24. Rc3 bxc4 25. Re1 Rfc8 26. Be2 Kf7 27.
Rec1 Kf6 28. f3 Ke5 29. Kf2 Kd4 30. Re3 Rb5 31. Rd1+ Kc5 32. Rc3 a5 33. Rdc1
Kd4 34. Re3 Rb2 35. Rd1+ Kc5 36. Rc3 Kb5 37. Ke3 a4 38. Rdc1 e5 39. g3 Rb3 40.
Bd1 Rxc3+ 41. Rxc3 Rb8 42. Kd2 Rd8 43. Kc1 Bc6 44. Kc2 h6 45. Re3 Rd5 46. Kb2
Kc5 1/2-1/2

[Event "Mundial Juvenil femenino 2005 s14"]
[Site "Belfort FRA"]
[Date "2005.07.24"]
[Round "6.20"]
[White "Schut, Donna"]
[Black "Sanchez Delgado, Lidia"]
[Result "1/2-1/2"]
[WhiteElo "1599"]
[BlackElo "1898"]
[PlyCount "159"]
[EventDate "2005.07.19"]
[EventType "swiss"]
[EventRounds "11"]
[EventCountry "FRA"]
[Source "lmi"]
[SourceDate "2005.07.31"]

1. e4 c5 2. Nf3 Nc6 3. d4 cxd4 4. Nxd4 g6 5. c4 Bg7 6. Be3 Nf6 7. Nc3 d6 8. Be2
Bd7 9. O-O O-O 10. Qd2 Ne5 11. f3 a6 12. Rab1 Rb8 13. Rfc1 Nc6 14. Bf1 Nxd4 15.
Bxd4 b5 16. b4 bxc4 17. Bxc4 Bb5 18. Bxb5 axb5 19. Be3 Nd7 20. Qe2 Bxc3 21.
Rxc3 Ne5 22. Bh6 Qb6+ 23. Kh1 Rfc8 24. Rbc1 Rxc3 25. Rxc3 Qd4 26. Qc2 Nc4 27.
a4 Ra8 28. axb5 Ra1+ 29. Bc1 Ne3 30. Rc8+ Kg7 31. Qc3 Qxc3 32. Rxc3 Nd1 33. Rc8
Nf2+ 34. Kg1 Nd3 35. Kf1 Nxc1 36. b6 Nd3+ 37. Ke2 Nxb4 38. b7 Ra2+ 39. Kf1 Na6
40. Ra8 Rb2 41. Rxa6 Rxb7 42. Ra5 Rb1+ 43. Kf2 Rb2+ 44. Kg3 f6 45. Kh3 Kf7 46.
g4 g5 47. Kg3 Kg6 48. Ra7 e5 49. Rd7 Rd2 50. h4 gxh4+ 51. Kxh4 Rd3 52. Kg3 h5
53. gxh5+ Kxh5 54. Rg7 d5 55. exd5 Rxd5 56. Kf2 Kh6 57. Rg1 f5 58. Ke3 Rd4 59.
Rg8 Kh7 60. Rg5 f4+ 61. Ke2 Rd5 62. Ke1 Kh6 63. Rg4 Rd3 64. Ke2 Re3+ 65. Kf2
Kh5 66. Rg8 Kh6 67. Rg1 Ra3 68. Rg8 Ra6 69. Re8 Ra5 70. Rg8 Kh7 71. Rg5 Kh6 72.
Rg8 Kh5 73. Kg2 Kh4 74. Rg6 Ra2+ 75. Kf1 Kh3 76. Rg7 e4 77. fxe4 f3 78. e5 Re2
79. e6 Rxe6 80. Kf2 1/2-1/2

[Event "Mundial Juvenil femenino 2005 s14"]
[Site "Belfort FRA"]
[Date "2005.07.26"]
[Round "7.2"]
[White "Kulon, Klaudia"]
[Black "Bodnaruk, Anastasia"]
[Result "0-1"]
[WhiteElo "2069"]
[BlackElo "2165"]
[PlyCount "80"]
[EventDate "2005.07.19"]
[EventType "swiss"]
[EventRounds "11"]
[EventCountry "FRA"]
[Source "lmi"]
[SourceDate "2005.07.31"]

1. e4 c5 2. Nf3 d6 3. d4 cxd4 4. Nxd4 Nf6 5. Nc3 a6 6. Bc4 e6 7. Bg5 Be7 8. Bb3
O-O 9. Qf3 Qc7 10. O-O-O Bd7 11. g4 Nc6 12. Nxc6 Bxc6 13. Be3 b5 14. g5 Nd7 15.
Qg2 a5 16. Bd5 Rac8 17. Bxc6 Qxc6 18. Rd2 Ne5 19. Re2 b4 20. Nd1 a4 21. f4 Nc4
22. Kb1 Qb5 23. Bc1 b3 24. Qf3 Na5 25. Nc3 Rxc3 26. bxc3 bxa2+ 27. Kxa2 Nc4 28.
Ba3 Nxa3 29. Qd3 Rb8 30. Qxb5 Nxb5 31. Re3 Rc8 32. Kb2 Bd8 33. h4 Ba5 34. Rhh3
Kf8 35. f5 Ke7 36. h5 Bb6 37. Re2 Nxc3 38. Re1 Bd4 39. Ka3 Rb8 40. Rd3 Bc5# 0-1

[Event "Mundial Juvenil femenino 2005 s14"]
[Site "Belfort FRA"]
[Date "2005.07.26"]
[Round "7.3"]
[White "Muzychuk, Mariya"]
[Black "Kharisma, Irine"]
[Result "1/2-1/2"]
[WhiteElo "2113"]
[BlackElo "2010"]
[PlyCount "117"]
[EventDate "2005.07.19"]
[EventType "swiss"]
[EventRounds "11"]
[EventCountry "FRA"]
[Source "lmi"]
[SourceDate "2005.07.31"]

1. e4 c5 2. d4 cxd4 3. c3 Nf6 4. e5 Nd5 5. Qxd4 e6 6. Nf3 Nc6 7. Qe4 d6 8. Bb5
Bd7 9. exd6 Bxd6 10. O-O O-O 11. Ng5 f5 12. Qe2 Qf6 13. Nf3 Kh8 14. Rd1 a6 15.
Bc4 Rae8 16. Bg5 Qg6 17. Qd2 Ne5 18. Nxe5 Bxe5 19. Re1 Bc7 20. Bxd5 exd5 21.
Na3 f4 22. Rxe8 Bxe8 23. Be7 Rf5 24. f3 Bb6+ 25. Kh1 Qe6 26. Bh4 Qh6 27. Qe1
Bc6 28. Qe7 g5 29. Be1 Qg6 30. h3 h5 31. Qe2 g4 32. Bf2 gxf3 33. gxf3 Bxf2 34.
Qxf2 Qg3 35. Qg2 d4 36. Rf1 dxc3 37. bxc3 Ra5 38. Nc4 Qxg2+ 39. Kxg2 Rxa2+ 40.
Rf2 Ra1 41. Ne5 Kg7 42. Nxc6 bxc6 43. Rb2 Rc1 44. Rb6 Rc2+ 45. Kg1 Rxc3 46.
Rxa6 Kf6 47. Kf2 Kg5 48. Ra4 Rc2+ 49. Kf1 c5 50. Re4 Rc3 51. Ke2 Re3+ 52. Rxe3
fxe3 53. Kxe3 h4 54. Ke4 c4 55. f4+ Kf6 56. Kd4 Kf5 57. Kxc4 Kxf4 58. Kd4 Kg3
59. Ke3 1/2-1/2

[Event "Mundial Juvenil femenino 2005 s14"]
[Site "Belfort FRA"]
[Date "2005.07.26"]
[Round "7.5"]
[White "Guadamuro Torrente, Ana Isabel"]
[Black "Le, Hoan Tran Chau"]
[Result "0-1"]
[WhiteElo "2084"]
[BlackElo "1599"]
[PlyCount "98"]
[EventDate "2005.07.19"]
[EventType "swiss"]
[EventRounds "11"]
[EventCountry "FRA"]
[Source "lmi"]
[SourceDate "2005.07.31"]

1. e4 d5 2. exd5 Qxd5 3. Nc3 Qd6 4. Nf3 Nf6 5. Bc4 a6 6. a4 Bg4 7. d3 Nc6 8. h3
Bh5 9. g4 Bg6 10. Qe2 e6 11. g5 Nh5 12. h4 O-O-O 13. Be3 Nf4 14. Bxf4 Qxf4 15.
Qe3 Qxe3+ 16. fxe3 Bh5 17. Nd2 Nb4 18. Bb3 Nd5 19. Nxd5 exd5 20. e4 c6 21. exd5
cxd5 22. Nf1 Bc5 23. Kd2 Rhe8 24. Rh2 Bf3 25. c3 Bg1 26. Bd1 Bxh2 27. Nxh2 Bxd1
28. Rxd1 Re7 29. Nf3 Rde8 30. Nd4 Kd7 31. Rf1 f6 32. gxf6 Rf7 33. Rf5 Rxf6 34.
Rxd5+ Rd6 35. Rg5 g6 36. h5 Rg8 37. Kc2 h6 38. Rg4 g5 39. Nf5 Rf6 40. Rd4+ Ke6
41. Ng3 Rf4 42. Ne4 g4 43. Nc5+ Ke5 44. Rd7 g3 45. d4+ Kf6 46. Rd6+ Kf5 47.
Rd5+ Kg4 48. Re5 g2 49. Re1 Rf1 0-1